Happy birthday, moon. (Record no. 113458)
[ view plain ]
| 000 -LEADER | |
|---|---|
| fixed length control field | 00320nam a2200133 a 4500 |
| 005 - DATE AND TIME OF LATEST TRANSACTION | |
| control field | 20140414132020.0 |
| 008 - FIXED-LENGTH DATA ELEMENTS--GENERAL INFORMATION | |
| fixed length control field | 110315s19uu xx 00 eng d |
| 050 ## - LIBRARY OF CONGRESS CALL NUMBER | |
| Classification number | TR |
| Item number | H21 1982 |
| 100 ## - MAIN ENTRY--PERSONAL NAME | |
| Personal name | Asch, Frank |
| 245 ## - TITLE STATEMENT | |
| Title | Happy birthday, moon. |
| 260 ## - PUBLICATION, DISTRIBUTION, ETC. (IMPRINT) | |
| Place of publication, distribution, etc | New York : |
| Name of publisher, distributor, etc | Scholastic . |
| Withdrawn status | Lost status | Damaged status | Home library | Current library | Shelving location | Date acquired | Source of acquisition | Total Checkouts | Full call number | Barcode | Date last seen | Price effective from | Koha item type |
|---|---|---|---|---|---|---|---|---|---|---|---|---|---|
| Munich Library | Munich Library | Teachers Reference Section | 03/15/2011 | TR H21 1982 | M5027 | 04/14/2014 | 04/14/2014 | Books | |||||
| Munich Library | Munich Library | Teachers Reference Section | 03/15/2011 | TR H21 1982 | M5106 | 04/14/2014 | 04/14/2014 | Books |